000 00661nam a2200217 i 4500
001 62201
003 ES-MaACL
005 20230906164626.0
007 t|
008 031118s1964 sp ||||1| spa d
100 1 _aFerin, J.
_949302
245 1 0 _aAmor y fecundidad
_b: los esposos y la regulación de nacimientos /
_cJ. Ferin, G. Ponteville ; [traducida por Martín Ezcurdia].
260 _aBarcelona :
_bEler,
_c1964.
300 _a160 p. ;
_c19 cm.
490 1 _aEler ;
_v18
700 1 _aEzcurdia, Martín.
_948460
700 1 _aPonteville, G.
_993058
830 0 _aEler ;
_v18
_9181476
852 _aES-MaACL
_jC-27028
_bR.55399
999 _c62201
_d62201